| 000 | 01182nam a22002417a 4500 | ||
|---|---|---|---|
| 005 | 20120411115531.0 | ||
| 010 | _aENG-105333 B-489839 | ||
| 020 |
_a9780415535076 _c895.00 |
||
| 035 | _aEN-88866 B-489839 | ||
| 037 | _bDBAD/PUB | ||
| 037 | _bK.K.Pub/Ven | ||
| 082 | _a364.3740954 | ||
| 100 |
_aRani Dhavan Shankardass _955151 |
||
| 245 |
_aOf women 'inside' : _cby Rani Dhavan Shankardass _bprison voices from India / |
||
| 260 |
_aNew Delhi _bRoutledge _c2012 |
||
| 270 |
_a912 Tolstoy House,15-17 Tolstoy Marg,Cannaught Place, _bNew Delhi _e110001 |
||
| 300 |
_axiii,307p. _c22cm (Hb) _bill |
||
| 500 | _aIncludes bibliographical references and index | ||
| 942 |
_2ddc _cEN _mRAN _h364.3740954 |
||
| 999 |
_c66850 _d66850 |
||